000 00558nam a22001697a 4500
008 170913b xxu||||| |||| 00| 0 eng d
020 _a0-87720-266-4
082 _21990
_aDC 510
_bK25i
100 _922525
_aDressler, Isidore
245 _aIntegrated mathematics :
_bcourse I /
_cIsidore Dressler and Edward P. Keenan
260 _aNew York :
_bAmsco School Publications,
_cc1990.
300 _axiv, 721 pages:
_billustrations;
_c23 cm.
500 _aIncludes index.
650 0 _922526
_aMathematics
700 _922527
_aKeenan, Edward P.
942 _2ddc
_cDC
999 _c7434
_d7434